| 000 | 00827nam a22001937a 4500 | ||
|---|---|---|---|
| 999 |
_c59752 _d59752 |
||
| 003 | Ge_BSU | ||
| 005 | 20230410162724.0 | ||
| 008 | 230410s1990 ge ||||| |||| 00| 0 geo d | ||
| 041 | _ageo | ||
| 080 | _a27-242 ყ-86 | ||
| 100 |
_aყუბანეიშვილი, ნესტორ _917590 |
||
| 245 |
_aძველი აღთქმის საღვთო ისტორია / _cნესტორ ყუბანეიშვილი; რედ. მ სონღულაშვილი. |
||
| 264 |
_aთბილისი : _bმეცნიერება, _c1990. |
||
| 300 |
_a173 გვ. ; _b20 სმ. |
||
| 653 | _aძველი აღთქმა | ||
| 653 | _aრელიგია | ||
| 700 |
_aსონღულასვილი, მ. _eრედაქტორი _917591 |
||
| 942 |
_2udc _cBK |
||